Labour market reform in China (Record no. 9898)
[ view plain ]
| 000 -LEADER | |
|---|---|
| fixed length control field | 00443nam a2200169Ia 4500 |
| 020 ## - INTERNATIONAL STANDARD BOOK NUMBER | |
| ISBN | 0521771269 |
| 082 ## - DEWEY DECIMAL CLASSIFICATION NUMBER | |
| Classification number | D1838 331.1204; |
| 100 ## - MAIN ENTRY--AUTHOR NAME | |
| Personal name | Meng, Xin |
| 245 #0 - TITLE STATEMENT | |
| Title | Labour market reform in China |
| 260 ## - PUBLICATION, DISTRIBUTION, ETC. (IMPRINT) | |
| Place of publication | Cambridge |
| Name of publisher | Cambridge University Press |
| Year of publication | 2000 |
| 300 ## - PHYSICAL DESCRIPTION | |
| Number of Pages | xii, 223p |
| 440 ## - SERIES STATEMENT/ADDED ENTRY--TITLE | |
| Title | Trade and development |
| 650 ## - SUBJECT ADDED ENTRY--TOPICAL TERM | |
| Topical Term | LABOR MARKET - CHINA |
| 650 ## - SUBJECT ADDED ENTRY--TOPICAL TERM | |
| Topical Term | RURAL URBAN MIGRATION - CHINA |
| 700 ## - ADDED ENTRY--PERSONAL NAME | |
| Personal name | Duncan, Ron |
| 942 ## - ADDED ENTRY ELEMENTS (KOHA) | |
| Koha item type | Books |
| Source of classification or shelving scheme | Dewey Decimal Classification |
| Withdrawn status | Lost status | Damaged status | Not for loan | Collection code | Home library | Current library | Date acquired | Source of acquisition | Bill Date | Full call number | Accession Number | Price effective from | Koha item type |
|---|---|---|---|---|---|---|---|---|---|---|---|---|---|
| Docas Books | NASSDOC Library | NASSDOC Library | 26/09/2016 | Gifted by : DOCAS Collection | 2004-10-22 | D1838 331.1204; | D001838 | 18/04/2019 | Books |
